00541 2200205 4500001002100000005001500021035002000036245006500056100001500121250000600136300003600142700001700178260003300195082001000228084001600238020002200254650002500276990001700301990001700318INLIS00000000000126820190806043101 a0010-08190000131 aBumikan Perilaku Terpuji /cRusmayanti; Editor, Epik Finilih0 aRusmayanti a- aiv, 100 hlm. :bilus. ;c25 cm.0 aEpik Finilih aDepok :bCV Arya Duta,c2011 a297.5 a297.5 RUS b a978-979-094-102-1 aAkhlak / Etika Islam a04530/P/2018 a04531/P/2018